000 01331nam a2200301 a 4500
001 BRCA_2542
005 20190320203846.0
008 261108s1864----fr-a---###---#000-0dspa-u
041 _aspa
044 _afr
084 _a160
_b.H56
_c1864
100 1 _aCervantes Saavedra, Miguel de
_d1547-1616
_9213
245 1 0 _aEl Ingenioso Hidalgo Don Quijote de la Mancha
_cMiguel de Cervantes Saavedra.
260 _aParís
_bCarlos Hingray
_c1864
300 _a695 p.
_bil.
_c18 cm.
500 _aContenido : Primera parte. Advertencia del editor. Vida de Cervantes por Eugenio Ochoa. Dedicatoria del autor. Prólogo del autor. Versos preliminares. Texto. Segunda parte. Dedicatoria del autor. Prólogo del autor. Texto
500 _aEdición : Nueva edición, corregida y anotada por Eugenio Ochoa
500 _aReimpresión de la edición de 1844 del mismo editor, en papel inferior Lúdovik Osterc
500 _aQM1006
650 1 4 _aNovela española
_yÉpoca clásica, 1500-1700
_9215
650 1 4 _aLiteratura española
_yÉpoca clásica, 1500-1700
_9216
650 1 4 _aNovela española
_ySiglo XVII
_9217
650 1 4 _aDon Quijote (Personaje ficticio)
_eNovela
_9218
700 1 _aOchoa y Montel, Eugenio
_d1815-1872
_eAnotador
_97285
740 0 _aEl Ingenioso Hidalgo Don Quijote de la Mancha
902 _aQFM
942 _2lcc
_cB
999 _c2283
_d2283